000 00626nam a22002417a 4500
003 UA-OsUOA
001 124778
007 ta
008 20170823b un ||||| |||| 00| 0 ukr d
100 _aСеменюк А.
090 _a821.161.2
_bС30
942 _cBK
040 _aUA-OsUOA
_bukr
_cUA-OsUOA
_dUA-OsUOA
245 _aКопай криницю у собі
_bпоезії
300 _a90 с.
955 _a3
041 _aukr
080 _a821.161.2
020 _a5-7707-8878-Х
260 _aЛуцьк
_c1995
650 7 _a82 Література. Літературознавство
_2UDC
999 _c411951
_d411951